| 000 | 01022nam a2200313Ia 4500 | ||
|---|---|---|---|
| 003 | CO-BoRNBP | ||
| 005 | 20230414160029.0 | ||
| 007 | ta | ||
| 008 | 170503s2007 c g 000 j s | ||
| 020 | _a9789587045697 | ||
| 040 |
_aCO-BoRNBP _bspa _erda _cCO-BoRNBP |
||
| 041 | _aspa | ||
| 084 | _aC CON1 | ||
| 100 | 1 |
_aConrad, Joseph _d1857-1924 _91295 |
|
| 245 | 1 | 0 |
_aAmy Foster y otros relatos del mar _cJoseph Conrad; traducción y prólogo de Hernando Valencia Goelkel |
| 250 | _a1a. edición | ||
| 264 |
_aBogotá _bEl Áncora _c2007 |
||
| 300 |
_a180 páginas _c19 cm |
||
| 336 |
_atexto _btxt _2rdacontent |
||
| 337 |
_asin mediación _bn _2rdamedia |
||
| 338 |
_avolumen _bnc _2rdacarrier |
||
| 490 | _aPunto de Lectura : narrativa | ||
| 650 | 1 | 4 |
_2LEMB _aCuentos polacos _ySiglo XIX _91296 |
| 650 | 1 | 4 |
_2LEMB _aLiteratura polaca _ySiglo XIX _91297 |
| 650 | 1 | 4 |
_2LEMB _aOceano en laliteratura _91298 |
| 650 | 1 | 4 |
_2LEMB _aCuentos de mar _91299 |
| 700 | 1 |
_aValencia Goelkel, Hernando _etraductor _91300 |
|
| 942 | _cBKLIT | ||
| 999 |
_c9399 _d9399 |
||